Ideology. Modernization and politics in India (Record no. 71009)

MARC details
000 -LEADER
fixed length control field 00389nam a2200157Ia 4500
008 - FIXED-LENGTH DATA ELEMENTS--GENERAL INFORMATION
fixed length control field 230917s9999||||xx |||||||||||||| ||und||
020 ## - ISBN
Price RS140
040 ## - CATALOGING SOURCE
-- 6954
Original cataloging agency VIVEKANANDA LIBRARY
041 ## - Language
-- English
082 ## - DDC NUMBER
Classification number 320.50954 M474I
100 ## - MAIN ENTRY--PERSONAL NAME
Personal name Mehta, V R
245 #0 - TITLE STATEMENT
Title Ideology. Modernization and politics in India
260 ## - PUBLICATION, DISTRIBUTION, ETC. (IMPRINT)
Place of publication, distribution, etc New Delhi
Name of publisher, distributor, etc Manohar
Date of publication, distribution, etc 1988
300 ## - PHYSICAL DESCRIPTION
Pages ix, 232 p.
942 ## - ADDED ENTRY ELEMENTS (KOHA)
Koha item type Books
Holdings
Withdrawn status Lost status Damaged status Not for loan Location (home branch) Sublocation or collection (holding branch) Date acquired Koha issues (times borrowed) Koha full call number Accession No. Koha date last seen Koha item type
        VIVEKANANDA LIBRARY VIVEKANANDA LIBRARY 28/08/2002   320.50954 M474I 144563 17/09/2023 Books
© Designed and Maintained by Vivekananda Library, MDU Rohtak